000 00395nam a22001457a 4500
003 MACL
005 20190808160116.0
008 190808b xxu||||| |||| 00| 0 eng d
040 _c MACL
100 _aReld,Walter
_976175
245 _aKeeping The Jewel in the Crown : The British Betrayal of India
260 _aDelhi
_bPenguin Viking
_c2016
650 _aHistory
_976176
942 _2ddc
_cBK
999 _c60695
_d60695